书目信息 |
| 题名: |
建筑美学简明教程
|
|
| 作者: | 许祖华 著 | |
| 分册: | ||
| 出版信息: | 武汉 华中师范大学出版社 2008.09 |
|
| 页数: | 197页 | |
| 开本: | 23cm | |
| 丛书名: | ||
| 单 册: | ||
| 中图分类: | TU-80 | |
| 科图分类: | ||
| 主题词: | 建筑美学--jian zhu mei xue--高等学校--教材 | |
| 电子资源: | ||
| ISBN: | 978-7-5622-3760-0 | |
| 000 | 00900nam0 2200253 450 | |
| 001 | 012009038822 | |
| 005 | 20090419180519.40 | |
| 010 | @a978-7-5622-3760-0@dCNY22.00 | |
| 100 | @a20090419d2008 em y0chi0120 ea | |
| 101 | 0 | @achi |
| 102 | @aCN@b420000 | |
| 105 | @aa a 000yy | |
| 106 | @ar | |
| 200 | 1 | @a建筑美学简明教程@Ajian zhu mei xue jian ming jiao cheng@f许祖华著@Fxu zu hua zhu |
| 210 | @a武汉@c华中师范大学出版社@d2008.09 | |
| 215 | @a197页@c图@d23cm | |
| 300 | @a华大博雅高校教材 “华大博雅”通识教育课教材 | |
| 320 | @a有书目 (第194-195页) | |
| 330 | @a本书共7章,包括建筑美的本质、建筑美的功能、建筑美的特征、建筑美的艺术规律、建筑美的欣赏与批评、建筑的风格与流派、建筑空间的调理等内容。 | |
| 606 | 0 | @a建筑美学@Ajian zhu mei xue@x高等学校@j教材 |
| 690 | @aTU-80@v4 | |
| 701 | 0 | @a许祖华@Axu zu hua@4著 |
| 801 | 0 | @aCN@bQSSK@c20090419 |
| 905 | @b737533-35@dTU-80@eX912@f3 | |
| 建筑美学简明教程/许祖华著.-武汉:华中师范大学出版社,2008.09 |
| 197页:图;23cm |
| 华大博雅高校教材 “华大博雅”通识教育课教材 |
| ISBN 978-7-5622-3760-0:CNY22.00 |
| 本书共7章,包括建筑美的本质、建筑美的功能、建筑美的特征、建筑美的艺术规律、建筑美的欣赏与批评、建筑的风格与流派、建筑空间的调理等内容。 |
| ● |
| 相关链接 |
|
|
|
正题名:建筑美学简明教程
索取号:TU-80/X912
 
预约/预借
| 序号 | 登录号 | 条形码 | 馆藏地/架位号 | 状态 | 备注 |
| 1 | 737533 | 207375339 | 建筑库101/101建筑库 16排2列3层/ [索取号:TU-80/X912] | 在馆 | |
| 2 | 737534 | 207375348 | 建筑库101/101建筑库 16排2列3层/ [索取号:TU-80/X912] | 在馆 | |
| 3 | 737535 | 207375357 | 建筑库101/101建筑库 16排4列5层/ [索取号:TU-80/X912] | 在馆 |